000 00487nam a22001457a 4500
005 20240314140744.0
008 240314b ||||| |||| 00| 0 eng d
040 _cAL
041 _aeng
082 _223
_a658.83
_bCONS
100 _aTogin Thomas
_9154293
245 _aConsumer and Retailer Survey to Assess the market Potentiality of Crypsy Biscuits:
_bA Study Sponsored by Megha Home Products Pvt Ltd Kochi India
260 _aMangalore
_bSt Aloysius College
_c1997
942 _2ddc
_cPRO
999 _c230328
_d230328